The Spiderman Quiz - Statistics

General Stats
  • This quiz has been taken 3,232 times
    3,006 since last reset
  • The average score is 10 of 11
Answer Stats
Question Answer % Correct
Spiderman's true identity is Peter Parker
99%
True or False. Tom Cruise has acted as Spiderman? False
98%
Is Spiderman in Marvel or DC? Marvel
98%
His second Mary Jane Watson
97%
In which Spiderman movie did Doc Ock appeared in? Spiderman 2
96%
Who said "with great power comes great responsobliity" Uncle Ben
92%
Who played the role of spiderman in "The Amazing Spiderman"? Andrew Garfield
91%
Who created Spiderman? Stan Lee
89%
In the comics who killed Spiderman's first love? Green Goblin
83%
Spiderman's first love was Gwen Stacy
80%
Which supervillain does Spiderman and Daredevil share? Kingpin
62%
No matching quizzes found
Score Distribution
Percent of People with Each Score
Percentile by Number Answered
Your Score History
You have not taken this quiz since the last reset